Creative style profile

Gorde:
Xehetasun bibliografikoak
Egile nagusia: Kaye, Beverly L.
Formatua: Liburua
Hizkuntza:Undetermined
Argitaratua: San Francisco, CA Pfeiffer c2007
Gaiak:
Etiketak: Etiketa erantsi
Etiketarik gabe, Izan zaitez lehena erregistro honi etiketa jartzen!
Thư viện lưu trữ: Trung tâm Học liệu Trường Đại học Cần Thơ
LEADER 00645nam a2200205Ia 4500
001 CTU_165434
008 210402s9999 xx 000 0 und d
020 |c 10.97 
082 |a 658.3 
082 |b K23 
100 |a Kaye, Beverly L. 
245 0 |a Creative style profile 
245 0 |c Beverly Kaye and Beverly Olevin 
260 |a San Francisco, CA 
260 |b Pfeiffer 
260 |c c2007 
650 |a Personnel management,Creative thinking,Executive ability,Quản trị nhân sự,Khả năng điều hành 
650 |x Measurement,Measurement 
910 |a Nguyên 
980 |a Trung tâm Học liệu Trường Đại học Cần Thơ